00533nam a22001697a 450000500170000000800410001702000180005804000130007605000280008910000180011724500670013526000500020230000250025250000470027765000180032470000210034220230317120513.0230317b |||||||| |||| 00| 0 eng d a9781444731514 aKMUcKMU aPS 3570.A94L56 TAY 2009 aTaylor, Laini aLips touch /cby Taylor Laini, illustrations by Jim Di Bartolo aGreat Britain :bHodder & Stoughton ,c2014 . a265 pages ;c17 cm . afiction material for users who love novel. 2OclcaKissing aBartolo , Jim Di